000 01143nac a22003011i 4500
003 EG-ScBUE
005 20250120094352.0
008 250120s2005 nyua f b 001 0 eng d
020 _a0131226053
020 _a9780131226050
035 _a(OCoLC)528628
040 _aEG-ScBUE
_beng
_erda
_cEG-ScBUE
_dEG-ScBUE
082 0 4 _a519.9
_bHOG
_222
100 1 _aHogg, Robert V.,
_eauthor.
245 1 0 _aIntroduction to mathematical statistics /
_cRobert V. Hogg, University of Iowa, Joseph W. McKean, Western Michigan University, Allen T. Craig, late professor of statistics, University of Iowa.
250 _aSixth edition.
264 1 _aNew York :
_bPearson Education International,
_c2005.
300 _a245 pages :
_billustrations ;
_c24 cm
336 _2rdacontent
_atext
_btxt
337 _aunmediated
_2rdamedia
_bn
338 _avolume
_bnc
_2rdacarrier
504 _aIncludes bibliographical references and index.
650 7 _aMathematical statistics.
_2BUEsh
655 _vReading book
700 1 _aCraig, Allen T.
_q(Allen Thornton),
_d1905-
_eauthor.
700 1 _aMckean, Joseph W.,
_d1944-
_eauthor.
942 _cBB
_2ddc
999 _c858
_d858